000 00478nam a2200181Ia 4500
003 GCL
008 140319s9999 xx 000 0 ara d
040 _aGCL /
_cGCL
082 0 4 _a780.92
_bث م
100 1 _aثروت عكاشة
245 1 0 _aمولع حذر بفاجنر: دراسة نقدية /
_cثروت عكاشة
300 _a412 ص
490 _a
650 0 4 _aالنقد
650 0 4 _aفاجنر
650 0 4 _aالموسيقيون - تراجم
942 _2ddc
_cBK
999 _c37863
_d37863